| 000 | 00907nas a2200277 4500 | ||
|---|---|---|---|
| 001 | BR7702979 | ||
| 003 | BR-BrBNA | ||
| 005 | 20231205083210.0 | ||
| 007 | ta | ||
| 008 | 230509b bl.|||p| |||| 00| 00por d | ||
| 040 |
_aBR-BrBNA _bpor _cBiblioteca Nacional de Agricultura |
||
| 041 | _a(Pt) | ||
| 072 | _aH10 | ||
| 100 | 1 | _aGiannotti, O. | |
| 100 | 1 | _aOliveira Junior, B.S. | |
| 100 | 1 | _aToneda, T. | |
| 100 | 1 | _aFell, D. | |
| 245 | 1 | _aObservacoes gerais sobre o desenvolvimento e comportamento sexual do lepidoptero Opogona sacchari (Bojer, 1856)em laboratorio [Banana; Praga de planta; Biologia] | |
| 650 | _aPraga de planta | ||
| 650 | _aBanana | ||
| 650 | _aBiologia | ||
| 650 | _aComportamento sexual | ||
| 773 | 0 |
_tArquivos do Instituto Biologico (Brazil) _xISSN 0020-3653 _g(Oct 1977), v. 44(4) p. 209-212 _wBR7702979 |
|
| 909 |
_a202311 _bLúcia _c55 _dLúcia Elande |
||
| 942 |
_2AGRIS _n0 _cANA |
||
| 999 |
_c97080 _d97080 |
||